00331nam a2200097Ia 4500008004100000245008800041245001500129260000900144650003200153856004800185171204s9999 xx 000 0 und d aStaging Corruption: Chinese Television and Politics: (Contemporary Chinese Studies) cRuoyun Bai c2014 xTV PRODUCTION AND DIRECTION uhttp://down.ebook777.com/040/0774826312.pdf